Giáo trình thực hành phương pháp dạy học toán ở tiểu học Rèn luyện và phát triển một số kĩ năng dạy học toán ở tiểu học

Hướng dẫn một số kỹ năng thực hành trong dạy học toán tiểu học: phân tích chương trình, thiết kế kế hoạch giảng dạy, lựa chọn và thiết kế bổ sung nhằm phát triển hệ thống bài tập, phát hiện và xử lý một số tình huống sư phạm...

Ful tanımlama

Kaydedildi:
Detaylı Bibliyografya
Yazar: Trần Ngọc Lan
Materyal Türü: Kitap
Dil:Vietnamese
Baskı/Yayın Bilgisi: H. Đại học Sư phạm 2014
Edisyon:Tái bản lần thứ 3
Konular:
Etiketler: Etiketle
Etiket eklenmemiş, İlk siz ekleyin!
Thư viện lưu trữ: Mạng thư viện Đại học Đà Nẵng
LEADER 01726aam a22003978a 4500
001 000023169
003 19618
005 20150602140655.0
008 150602s2014 viesd
020 |c 26000đ  |d 1000b 
041 0 |a vie 
082 1 4 |2 14  |a 372.7  |b TR-L 
100 1 |a Trần Ngọc Lan 
245 1 0 |a Giáo trình thực hành phương pháp dạy học toán ở tiểu học  |b Rèn luyện và phát triển một số kĩ năng dạy học toán ở tiểu học  |c Trần Ngọc Lan 
250 |a Tái bản lần thứ 3 
260 |a H.  |b Đại học Sư phạm  |c 2014 
300 |a 127 tr.  |b minh hoạ  |c 24 cm. 
504 |a Thư mục: tr. 126-127 
520 |a Hướng dẫn một số kỹ năng thực hành trong dạy học toán tiểu học: phân tích chương trình, thiết kế kế hoạch giảng dạy, lựa chọn và thiết kế bổ sung nhằm phát triển hệ thống bài tập, phát hiện và xử lý một số tình huống sư phạm 
650 0 4 |2 Bộ TK TVQG  |a Toán  |v Giáo trình  |x Giáo dục tiểu học 
650 7 |2 Bộ TK TVQG 
650 7 |2 Bộ TK TVQG 
653 |a Giáo dục tiểu học 
653 |a Phương pháp giảng dạy 
653 |a Toán 
655 7 |2 Bộ TK TVQG  |a Giáo trình 
OWN |a LSP 
AVA |a UDN50  |b LSP  |d 372.7 TR-L  |e available  |t Error 5001 Not defined in file expand_doc_bib_avail.  |f 5  |g 0  |h N  |i 34  |k 1 
999 |a From the UDN01 
AVA |a UDN50  |b LSP  |d 372.7 TR-L  |e available  |t Error 5001 Not defined in file expand_doc_bib_avail.  |f 5  |g 0  |h N  |i 34  |k 1 
TYP |a Monograph 
TYP |a Printed language 
980 |a Mạng thư viện Đại học Đà Nẵng